00492nam a2200193Ia 4500003000400000005001700004008004100021020001800062040000700080041001200087082002100099100002300120245004000143250000600183260004800189300003000237365001300267700001800280OSt20250515130304.0210423s2008 xx 000 0 und d a9781107567450 cAL aEnglish a547.2223b CARM aWilliam Carruthers aModern methods of organic synthesis a4 aNew DelhibCambridge University Pressc2022 axii,493p.bPBc24x17.2cm. b350cINR aColdham, Iain